| 000 | 01138nam a2200289Ia 4500 | ||
|---|---|---|---|
| 001 | ebr10438092 | ||
| 003 | CaPaEBR | ||
| 006 | m u | ||
| 007 | cr cn||||||||| | ||
| 008 | 100814s2010 enk s 000 0 eng d | ||
| 020 | _z9781849280662 | ||
| 020 | _z9781849280655 | ||
| 040 |
_aCaPaEBR _cCaPaEBR |
||
| 035 | _a(OCoLC)662258967 | ||
| 050 | 1 | 4 |
_aHD30.2 _b.C43 2010eb |
| 100 | 1 | _aChatham, Robina. | |
| 245 | 1 | 0 |
_aChanging the IT leader's mindset _h[electronic resource] : _btime for revolution rather than evolution / _cRobina Chatham and Brian Sutton. |
| 260 |
_aEly : _bIT Governance Pub., _c2010. |
||
| 300 | _a169 p. | ||
| 533 |
_aElectronic reproduction. _bPalo Alto, Calif. : _cebrary, _d2011. _nAvailable via World Wide Web. _nAccess may be limited to ebrary affiliated libraries. |
||
| 650 | 0 |
_aInformation technology _xManagement. |
|
| 650 | 0 | _aInformation resources management. | |
| 655 | 7 |
_aElectronic books. _2local |
|
| 700 | 1 | _aSutton, Brian. | |
| 710 | 2 | _aebrary, Inc. | |
| 856 | 4 | 0 |
_uhttp://site.ebrary.com/lib/rucke/Doc?id=10438092 _zAn electronic book accessible through the World Wide Web; click to view |
| 999 |
_c243405 _d243405 |
||